|
|
|
|
| LEADER |
01305nam a22002777a 4500 |
| 001 |
33293 |
| 003 |
BD-DhAAL |
| 005 |
20250624112713.0 |
| 008 |
180715t2005 bg ||||| b||| 001 0 ben d |
| 040 |
|
|
|a BD-DhAAL
|d BD-DhAAL
|
| 041 |
|
|
|a ben
|
| 082 |
|
|
|a 891.4
|
| 100 |
|
|
|a দেবনাথ, আর. এম.
|9 27360
|
| 245 |
|
|
|a সিন্ধু থেকে হিন্দু /
|c আর. এম. দেবনাথ.
|
| 246 |
|
|
|a Sindhu theke hindu
|
| 260 |
|
|
|a ঢাকা :
|b নবযুগ প্রকাশনী,
|c ২০০৫.
|
| 300 |
|
|
|a ২২৪ পৃষ্ঠা :
|c ২২ সে. মি.
|
| 500 |
|
|
|a প্রথম প্রকাশ ২০০১.
|
| 504 |
|
|
|a গ্রন্থপঞ্জিগত নির্দেশিকা অন্তভূক্ত
|
| 526 |
|
|
|a ARC
|
| 541 |
|
|
|a Department of Architecture
|e 33293
|
| 650 |
|
|
|a Indic literature.
|9 27369
|
| 852 |
|
|
|a Department of Architecture
|c General Stacks
|
| 942 |
|
|
|2 ddc
|c BK
|
| 999 |
|
|
|c 39786
|d 39786
|
| 952 |
|
|
|0 0
|1 1
|2 ddc
|4 0
|6 891_400000000000000_DEB
|7 0
|9 63816
|a ARC
|b ARC
|c GEN
|d 2018-07-15
|e Department of Architecture
|l 0
|o 891.4 DEB
|p 3010033293
|r 2018-07-15
|t 1
|w 2018-07-15
|y BK
|x lost from the ARC department library and approved by the Dean (reasons personal books withdrawn by Hasibul Kabir Sir and Building shifting)
|